000 01039nam a2200229 a 4500
001 000955017
003 AM-YeHGA
005 20250617163033.0
008 121011s1959 ||||||||||||||||||||rus|c
040 _aAM-YeHGA
041 0 _arus
245 0 0 _aВетеринарное законодательство :
_bВетеринарный устав СССР, положения, указания, инструкции, наставления и правила по ветеринарному делу /
_cПод.ред. А.А. Бойко; Сост. А.Г. Гинзбург, А.Д. Иванов.
260 _aМосква :
_bИзд. Министерства сельского хозяйства СССР,
_c1959.
300 _a1230 с. :
_bил. ;
_c20 см.
500 _aПрилож. : c. 555-557
650 1 4 _aВетеринария
700 1 _aБойко, А.А.
_eред.
_4edt
700 1 _aГинзбург, А.Г.
_eсост.
_4com
700 1 _aИванов, А.Д.
_eсост.
_4com
942 _2udc
_cBK
090 _c503303
999 _c499892
_d499892